| 000 | 00716nam a22002297a 4500 | ||
|---|---|---|---|
| 005 | 20170124105935.0 | ||
| 010 | _aB-160096 | ||
| 020 |
_c790.00 _a8178354055 |
||
| 035 | _aB-160096 | ||
| 037 | _bCen Lib/Ret | ||
| 040 |
_aDPL _bEN |
||
| 082 |
_a327.9547 _bPAT |
||
| 100 |
_aPatnaik, Sudhanshu Kumar _99456 |
||
| 245 |
_aPakistan's foreign policy / _cby Sudhanshu Kumar Patnaik |
||
| 260 |
_aDelhi _bKalpaz Publications _c2005 |
||
| 270 |
_aC-30, Satyawati Nagar _bDelhi _e110052 |
||
| 300 |
_a336p. : _c21cm(Hb) _bill. |
||
| 500 | _aIncludes bibliographical references and index. | ||
| 650 |
_aPolitical Science _99457 |
||
| 650 |
_aForeign Policy _95145 |
||
| 942 |
_2ddc _cEN _h327.9547 _mPAT |
||
| 999 |
_c124129 _d124129 |
||